Wir lernen Englisch sprechen : ein Kursus mit drei Litera Schallplatten 1. Teil
Saved in:
| Main Authors: | , |
|---|---|
| Format: | Audio |
| Language: | English German |
| Published: |
Halle (Saale) :
VEB Verlag Sprache und Literatur,
1962.
|
| Series: | Sprachen für jedermann
|
| Physical Description: |
1 gramofónová platňa : analog, 45, mono ; 17 cm. |
| Tags: |
Add Tag
No Tags, Be the first to tag this record!
|
Titul je dostupný aj v ... 

MARC
| LEADER | 00000nim a2200000 a 4500 | ||
|---|---|---|---|
| 001 | 000511331 | ||
| 003 | SVKKK | ||
| 005 | 20160707104805.0 | ||
| 008 | 131222s1962 gw eng d | ||
| 040 | |a SVKKK |b slo |c SVKKK |e AACR2 | ||
| 041 | |d eng |d ger | ||
| 044 | |a gw |c DE | ||
| 100 | 1 | |a Löffler, Hans |4 aut | |
| 245 | 1 | 0 | |a Wir lernen Englisch sprechen : |b ein Kursus mit drei Litera Schallplatten |n 1. Teil |h [zvukový záznam] |c Hans Löffler, Leonard Goldman. |
| 260 | |a Halle (Saale) : |b VEB Verlag Sprache und Literatur, |c 1962. | ||
| 300 | |a 1 gramofónová platňa : |b analog, 45, mono ; |c 17 cm. | ||
| 490 | 0 | |a Sprachen für jedermann | |
| 500 | |a Príl. ku knihe I.34560 | ||
| 700 | 1 | |a Goldman, Leonard |4 aut | |
| 830 | 0 | |a Sprachen für jedermann | |
| 910 | |a svkkk | ||
| 998 | |a AM | ||
| 090 | |g SCKHL |k Sklad Pribinova 1. posch. |a IG.599c |j 3561 |i 2720351824 |s Prezenčne CD, DVD | ||
| 924 | |a LP | ||
| 924 | |a AVM | ||